Statistics for Football Groups of Three

Click here to take the quiz!

General Stats

  • This quiz has been taken 49 times
  • The average score is 13 of 18

Answer Stats

HintAnswer% Correct
Iconic trio of Brazil (Three Rs)Ronaldinho
98%
Iconic trio of Brazil (Three Rs)Ronaldo
98%
MSNLionel Messi
91%
MSNLuis Suárez
91%
MSNNeymar
91%
Clubs that managed a UCL three peatReal Madrid
91%
UEFA club competitionsUEFA Champions League
91%
UEFA club competitionsUEFA Europa League
91%
Iconic trio of Brazil (Three Rs)Rivaldo
87%
UEFA club competitionsUEFA Europa Conference League
80%
Clubs that managed a UCL three peatBayern Munich
73%
Clubs that managed a UCL three peatAjax
60%
The Tre Tulipani (Three Tulips) of AC MilanMarco van Basten
40%
The Tre Tulipani (Three Tulips) of AC MilanRuud Gullit
40%
On pitch referee postsFourth official
38%
The Tre Tulipani (Three Tulips) of AC MilanFrank Rijkaard
38%
On pitch referee postsReferee
36%
On pitch referee postsAssistant referee
24%

Score Distribution

Percentile by Number Answered

Percent of People with Each Score

Your Score History

You have not taken this quiz